Statistics for Parks and Recreation trivia

Click here to take the quiz!

General Stats

  • This quiz has been taken 198 times
  • The average score is 11 of 15

Answer Stats

HintAnswer% Correct
Kind of car Donna drivesMercedes
87%
Tom's best friend's sisterMona Lisa
87%
Tom's best friendJean Ralphio
86%
Jerry's wife's nameGail
85%
Andy's alter ego with a gunBert Macklin
82%
Name of alcohol that Tom createdSnake juice
81%
Tom's favorite clubSnakehole Lounge
80%
Ben's favorite Italian dishCalzone
79%
Andy's alter ego that plays children's musicJohnny Karate
76%
Name of Ron's favorite storeFood and Stuff
73%
Leslie's favorite politicianJoe Biden
72%
Jerry's daughter that Chris datedMillicent
67%
Leslie's ex-boyfriend that is a copDave
62%
What did Leslie make to bring together the Knope's and Wyatt's?Unity quilt
61%
What floor of City Hall scared Tom?3rd floor
44%

Score Distribution

Percentile by Number Answered

Percent of People with Each Score

Your Score History

You have not taken this quiz